000 00745nam a2200289Ia 4500
005 20260324140523.0
008 008 260324s9999 xx 000 0 eng d
020 _a9781410602923
037 _aEBOOK
040 _aCRL
040 _beng
040 _cCRL
041 _2eng
041 _aeng
084 _qCRL
100 _aLe Xuan Hy; Jane Loevinger; Le Xuan Hy
_91204708
245 0 _aTechnical Foundations for Measuring Ego Development
245 4 _bThe Washington University Sentence Completion Test
260 _bTaylor and Francis
260 _c1998
365 _a
365 _b230
856 _uhttp://www.taylorfrancis.com/books/9781410602923
942 _cEBOOK
999 _c1806878
_d1806878